|
|
|
|
| LEADER |
01239nam a22003017a 4500 |
| 001 |
38859 |
| 003 |
BD-DhAAL |
| 008 |
220615r19641942mdu 001 0 eng d |
| 999 |
|
|
|c 44384
|d 44384
|
| 010 |
|
|
|a 46008499
|
| 040 |
|
|
|a DLC
|c DLC
|d DLC
|d BD-DhAAL
|
| 050 |
0 |
0 |
|a CB311
|b .C54 1946
|
| 082 |
0 |
0 |
|a 901
|
| 100 |
1 |
|
|a Childe, V. Gordon
|q (Vere Gordon),
|d 1892-1957.
|9 49371
|
| 245 |
1 |
0 |
|a What happened in history /
|c Gordon Childe ; forwarded by Grahame Clark
|
| 260 |
|
|
|a Baltimore :
|b Penguin books,
|c 1942 [reprinted 1964].
|
| 300 |
|
|
|a 300 pages ;
|c 18 cm.
|
| 490 |
0 |
|
|a Pelican books. [P6]
|
| 500 |
|
|
|a "Originally published ... by Penguin books limited, England, 1942 ... First American edition by Penguin books, inc. March, 1946."
|
| 541 |
|
|
|a Donated By Akbar Ali Khan
|e 38859
|
| 650 |
|
0 |
|a Civilization, Ancient.
|9 49372
|
| 650 |
|
0 |
|a History, Ancient.
|9 49373
|
| 650 |
|
0 |
|a Prehistoric peoples.
|9 49374
|
| 700 |
|
|
|a Clark, Grahame
|9 49375
|
| 830 |
|
|
|a Pelican books. [P6]
|9 49376
|
| 852 |
|
|
|a Ayesha Abed Library
|c Akbar Ali Khan Collection
|
| 942 |
|
|
|2 ddc
|c BK
|
| 952 |
|
|
|0 0
|1 0
|2 ddc
|4 0
|6 901_000000000000000_CHI
|7 1
|9 70914
|a BRACUL
|b BRACUL
|c AAKC
|d 2022-06-15
|e Donated by Akbar Ali Khan
|l 0
|o 901 CHI
|p 3010038859
|r 2022-06-15
|t 1
|w 2022-06-15
|y BK
|